Japanese Vocabulary: Land Animals - Statistics

General Stats
  • This quiz has been taken 243 times
  • The average score is 18 of 40
Answer Stats
English Kanji/Kana Romaji % Correct
dog inu
98%
cat neko
97%
panda パンダ panda
76%
horse uma
73%
fox kitsune
72%
cow ushi
72%
animal 動物 dōbutsu
71%
rabbit usagi
71%
lion 獅子 / ライオン shishi / raion
70%
tiger tora
70%
bear kuma
67%
elephant
67%
snake hebi
65%
pet ペット petto
65%
monkey saru
64%
mouse / rat nezumi
63%
pig buta
62%
wolf ōkami
55%
raccoon dog tanuki
51%
deer 鹿 shika
50%
frog kaeru
44%
giraffe キリン kirin
40%
hamster ハムスター hamusutā
35%
sheep hitsuji
35%
cheetah チーター chītā
29%
goat 山羊 yagi
29%
beaver ビーバー bībā
27%
chameleon カメレオン kamereon
27%
squirrel リス risu
24%
lizard トカゲ tokage
22%
wild boar inoshishi
21%
hippopotamus 河馬 kaba
21%
mole モール / モグラ mōru / mogura
21%
guinea pig ギニーピッグ ginīpiggu
16%
zebra シマウマ shimauma
15%
sloth ナマケモノ namakemono
13%
donkey ロバ roba
10%
jaguar ジャガー jagā
9%
tapir バク baku
8%
antelope レイヨウ reiyō
6%
No matching quizzes found
Score Distribution
Percent of People with Each Score
Percentile by Number Answered
Your Score History
You have not taken this quiz